<?xml version="1.0" encoding="UTF-8"?>
<collection xmlns:xsi="http://www.w3.org/2001/XMLSchema-instance" xsi:schemaLocation="http://www.loc.gov/MARC21/slim http://www.loc.gov/standards/marcxml/schema/MARC21slim.xsd" xmlns="http://www.loc.gov/MARC21/slim">
 <record>
  <leader>00000nam a22000007a 4500</leader>
  <controlfield tag="005">20250507125444.0</controlfield>
  <controlfield tag="008">Spa</controlfield>
  <datafield tag="040" ind1=" " ind2=" ">
   <subfield code="a">Centro_Manes </subfield>
   <subfield code="c">centro de Documentación de Manuales Escolares Universidad del Atlántico </subfield>
  </datafield>
  <datafield tag="100" ind1=" " ind2=" ">
   <subfield code="9">21880</subfield>
   <subfield code="a">Juan Parra G. </subfield>
   <subfield code="c">Profesor de la Universidad de Antioquia </subfield>
  </datafield>
  <datafield tag="245" ind1=" " ind2=" ">
   <subfield code="a">Geografia Universal. Europa-Asia- África. </subfield>
  </datafield>
  <datafield tag="260" ind1=" " ind2=" ">
   <subfield code="a">Medillin-Colombia</subfield>
   <subfield code="c">1970</subfield>
  </datafield>
  <datafield tag="300" ind1=" " ind2=" ">
   <subfield code="a">255.P. </subfield>
   <subfield code="c">35X25</subfield>
  </datafield>
  <datafield tag="500" ind1=" " ind2=" ">
   <subfield code="a">Georgia Universal es un libro que brinda una enseñanza a los niños de séptimo grado de Bachillerato. posee imágenes que logran determinar la posiciones geográficas y astronómica del antiguo continente. tiene mapas detallados que dan una orientación hacia lo que se quiere explicar. </subfield>
  </datafield>
  <datafield tag="546" ind1=" " ind2=" ">
   <subfield code="a">Colombia. </subfield>
  </datafield>
  <datafield tag="561" ind1=" " ind2=" ">
   <subfield code="5">co-CDME</subfield>
   <subfield code="a">Colombia. Universidad del Atlántico</subfield>
   <subfield code="k">MANES</subfield>
  </datafield>
  <datafield tag="690" ind1=" " ind2="0">
   <subfield code="a">GEO</subfield>
  </datafield>
  <datafield tag="691" ind1=" " ind2="0">
   <subfield code="a">SE</subfield>
  </datafield>
  <datafield tag="942" ind1=" " ind2=" ">
   <subfield code="2">ddc</subfield>
   <subfield code="c">BK</subfield>
  </datafield>
  <datafield tag="999" ind1=" " ind2=" ">
   <subfield code="c">50737</subfield>
   <subfield code="d">50737</subfield>
  </datafield>
  <datafield tag="999" ind1=" " ind2=" ">
   <subfield code="c">manes:50737</subfield>
   <subfield code="d">50737</subfield>
  </datafield>
 </record>
</collection>
